Prinsip ketuhanan Ibn Arabi

Bibliographic Details
Main Author: Husaini, Abdul Qadir Saiyid (Author)
Format: Book
Published: Kota Bharu : Pustaka Aman Press , 1978
Series:Siri ilmu tasauf
Subjects:

MARC

LEADER 00000cam a2200000 7i4500
001 0000007585
005 20180116093000.0
008 021119s1978
090 0 0 |a BP189.3   |b .H812 1978 
100 0 |a Husaini, Abdul Qadir   |c Saiyid ,   |e author 
240 0 4 |a The pantheistic monism of Ibn al-Arabi   |l Bahasa Malaysia 
245 0 0 |a Prinsip ketuhanan Ibn Arabi   |c oleh S. A. Q. Husaini   |f diterjemahkan oleh Abdul Majid bin Haji Khatib 
260 2 |a Kota Bharu :   |b Pustaka Aman Press ,   |c 1978 
300 |a 161 p. ;   |c 19 cm. 
440 0 0 |a Siri ilmu tasauf 
501 |a Teks Jawi 
501 |a Translation of: The pantheistic monism of Ibn al-Arabi 
600 0 0 |a Ibn al-Arabi ,   |d 1165-1240 
650 0 |a Pantheism 
650 0 |a Sufism   |v Early works to 1800 
999 |a 1000006197   |b Book   |c OPEN SHELF (30 DAYS)   |e Gong Badak Campus 
999 |a 1000078156   |b Book   |c OPEN SHELF (30 DAYS)   |e Gong Badak Campus